=LDR 00000nam 2200000 4500 =001 INLIS000000000009522 =005 20130612101319 =008 ***********************************Ind** =035 ##$$0010-061300000009522 =041 ##$$a Ind =082 ##$$a 264 =090 ##$$a 264, Mel-s =100 ##$$a Mello, Anthony de =245 ##$$a Sadhana jalan menemukan Tuhan, Anthony de Mello sj =260 ##$$a 1980 $b Yogyakarta =300 ##$$a 131 hlm, 18 cm =650 ##$$a Do'a-Kristen =850 ##$$a NBPNMAT